| 000 -LEADER |
| fixed length control field |
00462cam a22001217a 4500 |
| 008 - FIXED-LENGTH DATA ELEMENTS--GENERAL INFORMATION |
| fixed length control field |
180718b2001 xxu||||| |||| 00| 0 eng d |
| 082 ## - DEWEY DECIMAL CLASSIFICATION NUMBER |
| Classification number |
R22068x54 In2/1997-98 |
| 245 ## - TITLE STATEMENT |
| Title |
Occupational wage survey (fifth round): report on ten manufacturing industries, 1997-98 |
| Statement of responsibility, etc. |
by Labour Bureau, Ministry of Labour |
| 260 ## - PUBLICATION, DISTRIBUTION, ETC. |
| Place of publication, distribution, etc. |
Delhi |
| Name of publisher, distributor, etc. |
Controller of Publications |
| Date of publication, distribution, etc. |
2001 |
| 300 ## - PHYSICAL DESCRIPTION |
| Extent |
270+p. |
| 650 ## - SUBJECT ADDED ENTRY--TOPICAL TERM |
| Topical term or geographic name entry element |
India - Manufactures |
| 700 ## - ADDED ENTRY--PERSONAL NAME |
| Personal name |
India. Ministry of Labour. Labour Bureau |